000 00401nam a2200169Ia 4500
008 230524s9999 xx 000 0 und d
020 _a9788175156364
082 _a624.171
_bPRA
100 _aV.S. Prasad
245 0 _aStructural Analysis
250 _a3
260 _aNew Delhi
_bGalgotia Pub.
_c2015
300 _a"xv,535p;"
500 _aQuantity Number: 10
650 _aCivil
942 _cBK
999 _c56151
_d56151